PAYS EUROPÉENS - MORT SUBITE - Statistiques

Statistiques générales
  • Ce quiz a été pris 790 fois
  • Le résultat moyen est 15 sur 21
Answers on the Grid
Answers color-coded by a green-red scale on the quiz's grid according to % correct below.
Croatie
Irlande
Turquie
Suède
France
Cuba
Macédoine du Nord
Russie
Finlande
Danemark
Iran
Chypre
Estonie
Hongrie
Saint-Marin
Tchad
Portugal
Oman
Allemagne
Indonesie
Malte
Moldavie
Botswana
Serbie
Perou
Pologne
Liechtenstein
Vatican
Albanie
Andorre
 
Statistiques - réponses
Réponse % Correct
Danemark
77%
France
77%
Pologne
77%
Allemagne
76%
Portugal
76%
Suède
76%
Finlande
75%
Andorre
74%
Irlande
74%
Liechtenstein
73%
Croatie
72%
Hongrie
72%
Malte
72%
Albanie
71%
Estonie
71%
Vatican
71%
Serbie
70%
Macédoine du Nord
68%
Saint-Marin
68%
Moldavie
63%
Russie
61%
Aucun quiz correspondant
Distribution des résultats
% des personnes avec chaque résultat
Percentile par nombre de réponses
Votre historique - résultats
Vous n’avez pas pris ce quiz